|
|
|
|
| LEADER |
01634nam a2200457 i 4500 |
| 001 |
nkc20162863169 |
| 003 |
CZ PrNK |
| 005 |
20170403145158.0 |
| 007 |
ta |
| 008 |
170221s2016 xr a e 000 0 cze |
| 015 |
|
|
|a cnb002863169
|
| 020 |
|
|
|a 978-80-87347-29-4
|q (brožováno)
|
| 035 |
|
|
|a (OCoLC)982110800
|
| 040 |
|
|
|a ABA001
|b cze
|e rda
|
| 072 |
|
7 |
|a 614.8
|x Úrazy a jejich prevence
|2 Konspekt
|9 14
|
| 080 |
|
|
|a 614.8.02/.06-053.2
|2 MRF
|
| 080 |
|
|
|a 616-083.98
|2 MRF
|
| 080 |
|
|
|a (072)
|2 MRF
|
| 100 |
1 |
|
|a Plánka, Ladislav,
|d 1977-
|7 xx0081919
|4 aut
|
| 245 |
1 |
0 |
|a Metodika práce s veřejností /
|c Ladislav Plánka, Jan Škvařil, Milan Krtička, David Starý, Štěpánka Bibrová
|
| 264 |
|
1 |
|a [Praha] :
|b [Fakultní nemocnice v Motole],
|c [2016]
|
| 300 |
|
|
|a 23 stran :
|b barevné ilustrace ;
|c 30 cm
|
| 336 |
|
|
|a text
|b txt
|2 rdacontent
|
| 337 |
|
|
|a bez média
|b n
|2 rdamedia
|
| 338 |
|
|
|a svazek
|b nc
|2 rdacarrier
|
| 500 |
|
|
|a Název z obálky
|
| 650 |
0 |
7 |
|a dětské úrazy
|7 ph134752
|2 czenas
|
| 650 |
0 |
7 |
|a první pomoc
|7 ph124698
|2 czenas
|
| 650 |
0 |
9 |
|a children's accidents
|2 eczenas
|
| 650 |
0 |
9 |
|a first aid
|2 eczenas
|
| 655 |
|
7 |
|a metodické příručky
|7 fd132826
|2 czenas
|
| 655 |
|
9 |
|a methodological manuals
|2 eczenas
|
| 700 |
1 |
|
|a Škvařil, Jan
|7 xx0117782
|4 aut
|
| 700 |
1 |
|
|a Krtička, Milan
|4 aut
|
| 700 |
1 |
|
|a Starý, David
|7 xx0102248
|4 aut
|
| 700 |
1 |
|
|a Bibrová, Štěpánka,
|d 1975-
|7 stk2009493267
|4 aut
|
| 910 |
2 |
|
|a BOA001
|b 4-1386.157
|
| 990 |
|
|
|a BK
|
| 995 |
|
|
|a 01
|
| 991 |
|
|
|b 201703
|c NOV
|
| 996 |
6 |
|
|b 2610700493
|c 4-1386.157
|l MZK
|r Sklad / do 1 hodiny
|n 1
|p p.v.
|w 001602858
|u 000010
|a 1
|e BOA001
|j MZK50
|s P
|